Fascinação - Elis Regina - Letra - Statistics

Estatísticas Gerais
  • Esse quiz foi jogado 12 vezes
  • A pontuação média é 31 de 50
Estatísticas das Respostas
% Correto
De
100%
de
100%
de
100%
E
100%
é
100%
lindos
100%
mais
100%
O
100%
fascinação
89%
fascinação
89%
Os
89%
sonhei
89%
sonhos
89%
um
89%
castelo
78%
És
78%
És
78%
amor
67%
amor
67%
Com
67%
emoção
67%
ergui
67%
no
67%
olhar
67%
divino
56%
luz
56%
mil
56%
mil
56%
Poema
56%
sedução
56%
teu
56%
teu
56%
Teu
56%
Teu
56%
cheio
44%
corpo
44%
quimeras
44%
sorriso
44%
sorriso
44%
tonto
44%
entontece
33%
entontece
33%
esplendor
33%
prende
33%
prende
33%
sofreguidão
33%
inebria
22%
inebria
22%
previ
22%
venturas
22%
Nenhum quiz correspondente encontrado
Distribuição das Pontuações
Porcentagem de Pessoas com Cada Pontuação
Percentil de Números Respondidos
Sua Pontuação Histórica
Você não jogou esse quiz